| 000 | 00354nam a2200145Ia 4500 | ||
|---|---|---|---|
| 008 | 230917s9999||||xx |||||||||||||| ||und|| | ||
| 040 |
_e118571 _aMAIN |
||
| 041 | _aEnglish | ||
| 082 | _a574.1929 C42B | ||
| 100 | _aChemical Society | ||
| 245 | 0 | _aBiosynthesis.v.-3. | |
| 260 |
_aLondon _bThe chemical society _c1975 |
||
| 300 | _a293p. p. | ||
| 942 | _cBK | ||
| 999 |
_c42506 _d42506 |
||